Papel del bibliotecario-documentalista en el suministro de información

Guardado en:
Bibliografiske detaljer
Hovedforfatter: Jiménez Saa, Humberto
Format: Texto
Udgivet: San José: SEPSA
Tags: Tilføj Tag
Ingen Tags, Vær først til at tagge denne postø!

MARC

LEADER 00000 a a2200000 04500
001 14504
003
040
090 |a 022500  
100 |a Jiménez Saa, Humberto  
245 |a Papel del bibliotecario-documentalista en el suministro de información  
260 |a San José:   |b SEPSA  
300 |a 4 p  
999 |c 13053  |d 13053